Mort subite Les villes françaises de plus de 100000 habitants - Statistiques

Statistiques générales
  • Ce quiz a été pris 1 874 fois
    1 379 depuis la dernière actualisation
  • Le résultat moyen est 12 sur 42
Answers on the Grid
Answers color-coded by a green-red scale on the quiz's grid according to % correct below.
Montpellier
Créteil
Besançon
Rouen
Vitry-sur-Seine
Roubaix
Rueil-Malmaison
Annecy
Grenoble
Dunkerque
Nanterre
Limoges
Orléans
Ajaccio
Metz
Boulogne-Billancourt
Avignon
Tourcoing
Dijon
Strasbourg
Cherbourg-en-Cotentin
Marseille
Aubervilliers
Nice
Saint-Denis (93)
Nantes
Rennes
Pau
Perpignan
Paris
Le Havre
Poitiers
Cannes
Asnières-sur-Seine
Lyon
Versailles
Bordeaux
Lille
Antibes
Toulouse
Le Mans
Fort-de-France
Reims
Saint-Etienne
Toulon
Aulnay-sous-Bois
Montreuil
Angers
Mulhouse
Colombes
Argenteuil
Saint-Paul
Béziers
Mérignac
Villeurbanne
Brest
Saint-Denis de la Réunion
Courbevoie
Saint-Pierre de la Réunion
Aix-en-Provence
Caen
Nîmes
La Rochelle
Saint-Maur-des-Fossés
Nancy
Clermont-Ferrand
Le Tampon
Tours
Amiens
 
Statistiques - réponses
Réponse % Correct
Montpellier
89%
Grenoble
49%
Lyon
49%
Paris
49%
Lille
47%
Nantes
47%
Marseille
45%
Rouen
44%
Strasbourg
44%
Rennes
43%
Toulouse
43%
Nice
42%
Bordeaux
41%
Dijon
36%
Le Havre
30%
Metz
30%
Saint-Etienne
30%
Clermont-Ferrand
27%
Angers
26%
Reims
26%
Saint-Denis (93)
26%
Besançon
25%
Brest
25%
Toulon
25%
Caen
24%
Orléans
24%
Tours
24%
Nancy
23%
Villeurbanne
21%
Nîmes
20%
Amiens
19%
Limoges
18%
Aix-en-Provence
17%
Annecy
17%
Perpignan
17%
Boulogne-Billancourt
14%
Le Mans
13%
Mulhouse
13%
Saint-Denis de la Réunion
12%
Montreuil
9%
Argenteuil
8%
Saint-Paul
4%
Aucun quiz correspondant
Distribution des résultats
% des personnes avec chaque résultat
Percentile par nombre de réponses
Votre historique - résultats
Vous n’avez pas pris ce quiz depuis la dernière actualisation